Les héros et icônes de l'histoire de FIFA - Statistiques

Statistiques générales
  • Ce quiz a été pris 233 fois
    53 depuis la dernière actualisation
  • Le résultat moyen est 78 sur 218
Statistiques - réponses
Types Nationalités Postes Joueurs Note de base % Correct
Icône / Légende Italie G Gianluigi Buffon 91
93%
Icône / Légende Espagne G Iker Casillas 90
93%
Icône / Légende Russie G Lev Yashin 92
93%
Icône / Légende Allemagne G Oliver Kahn 91
87%
Icône / Légende Brésil DG Roberto Carlos 90
87%
Icône / Légende Danemark G Peter Schmeichel 89
85%
Icône / Légende République tchèque G Petr Cech 88
85%
Icône / Légende Allemagne DD Phillipp Lahm 89
85%
Icône / Légende Pays-bas G Edwin Van der Sar 88
83%
Icône / Légende Italie DC Paulo Maldini 92
80%
Icône / Légende France DD Lilian Thuram 88
76%
Icône / Légende Brésil DD Cafu 91
74%
Icône / Légende Brésil DG Marcelo 89
72%
Icône / Légende France DC Laurent Blanc 88
70%
Icône / Légende Italie DC Fabio Cannavaro 89
67%
Icône / Légende Allemagne DC Franz Beckenbauer 92
65%
Icône / Légende Argentine DD Javier Zanetti 89
65%
Icône / Légende France MOC Zinédine Zidane 94
65%
Héro Ghana MOC Abedi Pelé 89
63%
Héro France DG Bixente Lizarazu 88
63%
Icône / Légende Argentine MOC Diego Maradona 95
63%
Icône / Légende Brésil MOC Pelé 95
63%
Icône / Légende Italie MC Andrea Pirlo 90
61%
Icône / Légende Espagne DC Carles Puyol 89
61%
Icône / Légende Italie DC Franco Baresi 91
61%
Icône / Légende Italie DC Alessandro Nesta 89
59%
Icône / Légende Brésil DD Carlos Alberto 91
59%
Icône / Légende Cote d'ivoire BU Didier Drogba 89
59%
Icône / Légende France MDC Emmanuel Petit 87
59%
Héro Pologne G Jerzy Dudek 86
59%
Icône / Légende France DC Marcel Desailly 88
59%
Icône / Légende Brésil BU Ronaldo 94
59%
Icône / Légende France BU Thierry Henry 91
59%
Icône / Légende Angleterre DG Ashley Cole 86
57%
Héro Angleterre AD Joe Cole 87
57%
Icône / Légende Pays-bas MOC Johan Cruyff 93
57%
Icône / Légende Espagne MC Andres Iniesta 92
54%
Icône / Légende Angleterre MC Frank Lampard 87
54%
Héro Mexique G Jorge Campos 87
54%
Icône / Légende Angleterre DC Rio Ferdinand 88
54%
Icône / Légende Brésil AG Rivaldo 90
54%
Icône / Légende Espagne MC Xavi 91
54%
Icône / Légende Portugal BU Eusebio 91
52%
Icône / Légende France MC Patrick Vieira 88
52%
Icône / Légende République tchèque MG Pavel Nedved 88
52%
Icône / Légende Brésil AG Ronaldinho 93
52%
Icône / Légende Pays-bas MC Ruud Gullit 90
52%
Icône / Légende Espagne DC Fernando Hierro 88
50%
Icône / Légende Allemagne BU Gerd Muller 92
50%
Icône / Légende + Héro Nigéria MOC Jay-Jay Okocha 88
50%
Icône / Légende Danemark MOC Michael Laudrup 88
50%
Héro Irlande BU Robbie Keane 86
50%
Icône / Légende Irlande MC Roy Keane 86
50%
Héro Etats-Unis G Tim Howard 85
50%
Héro Belgique DC Vincent Kompany 88
50%
Icône / Légende Angleterre MD David Beckham 88
48%
Icône / Légende France BU David Trezeguet Plus disponible
48%
Héro Belgique AG Eden Hazard 88
48%
Icône / Légende Italie DD Gianluca Zambrotta 86
48%
Icône / Légende Suède BU Henrik Larsson 86
48%
Héro Brésil DC Lucio 89
48%
Icône / Légende Serbie DC Nemanja Vidic 87
48%
Icône / Légende Pays-bas BU Robin Van Persie 88
48%
Icône / Légende + Héro Portugal MOC Rui Costa 87
48%
Icône / Légende Cameroun BU Samuel Eto'o 89
48%
Icône / Légende Angleterre MC Steven Gerrard 88
48%
Héro Cote d'ivoire MDC Yaya Toure 87
48%
Icône / Légende Pays de Galles AD Gareth Bale 88
46%
Icône / Légende Lberia BU George Weah Plus disponible
46%
Icône / Légende Roumanie MOC Gheorghe Hagi 88
46%
Héro Espagne DG Joan Capdevilla 86
46%
Icône / Légende Brésil MOC Kaka 89
46%
Héro Brésil DD Maicon 88
46%
Icône / Légende Ghana MDC Michael Essien 86
46%
Icône / Légende France MG Robert Pires 87
46%
Icône / Légende Angleterre BU Wayne Rooney 88
46%
Icône / Légende Italie MOC Alessandro Del Piero 90
43%
Icône / Légende Ukraine BU Andriy Shevchenko 88
43%
Icône / Légende Allemagne MC Bastian Schweinsteiger 88
43%
Icône / Légende France MDC Claude Makelele 87
43%
Icône / Légende France MG Franck Ribery 88
43%
Icône / Légende Bulgarie BU Hristo Stoichkov 89
43%
Icône / Légende Espagne MDC Xabi Alonso 87
43%
Icône / Légende Angleterre DC Bobby Moore 90
41%
Icône / Légende Pays-bas MDC Frank Rijkaard 87
41%
Icône / Légende Italie MDC Gennaro Gattuso 86
41%
Icône / Légende Irlande du nord AD George Best 90
41%
Icône / Légende + héro Japon MOC Hidetoshi Nakata 87
41%
Héro Argentine DC Javier Mascherano 88
41%
Icône / Légende Allemagne G Jens Lehmann Plus disponible
41%
Icône / Légende + Héro Etats-Unis MOC London Donovan 86
41%
Icône / Légende Portugal AD Luis Figo 89
41%
Icône / Légende Angleterre BU Michael Owen 88
41%
Héro Corée du sud MG Park Ji Sung 86
41%
Icône / Légende Espagne BU Fernando Torres 87
39%
Icône / Légende Mexique BU Hugo Sanchez 89
39%
Héro Norvège DG John Arne Riise 86
39%
Icône / Légende Allemagne MC Lothar Matthaus 90
39%
Icône / Légende Angleterre MC Paul Scholes 88
39%
Icône / Légende Argentine MOC Riquelme 88
39%
Icône / Légende Italie MOC Roberto Baggio 91
39%
Icône / Légende Pays-bas BU Ruud Van Nistelrooy 89
39%
Icône / Légende Pays de Galles MG Ryan Giggs Plus disponible
39%
Icône / Légende Angleterre MOC Bobby Charlton 92
37%
Icône / Légende Portugal MOC Deco Plus disponible
37%
Icône / Légende Hongrie BU Ferenc Puskas 92
37%
Icône / Légende Pays-bas DC Frank De Boer Plus disponible
37%
Icône / Légende Brésil AD Garrincha 92
37%
Icône / Légende + Héro Finlande MOC Jari Litmanen 88
37%
Icône / Légende Allemagne BU Miroslav Klose 88
37%
Héro Portugal DC Ricardo Carvalho 88
37%
Icône / Légende Pays-bas MC Clarence Seedorf Plus disponible
35%
Icône / Légende Italie BU Cristian Vieri Plus disponible
35%
Icône / Légende Espagne MDC Pep Guardiola Plus disponible
35%
Icône / Légende Pays-bas DC Ronald Koeman 88
35%
Icône / Légende Brésil MOC Socrates 89
35%
Héro Australie BU Tim Cahill 85
35%
Héro Pays-bas MOC Wesley Sneijder 88
35%
Icône / Légende Brésil MOC Zico 91
35%
Icône / Légende Angleterre BU Alan Shearer 89
33%
Icône / Légende Croatie BU Davor Suker 87
33%
Icône / Légende Italie BU Filippo Inzaghi Plus disponible
33%
Icône / Légende Pays-bas BU Marco Van Basten 91
33%
Icône / Légende Allemagne MC Michael Ballack Plus disponible
33%
Héro France MDC Blaise Matuidi 86
30%
Héro France MG David Ginola 89
30%
Héro Cote d'ivoire AG Gervinho 85
30%
Héro Mexique DC Rafael Marquez 88
30%
Icône / Légende Espagne BU Raul 90
30%
Icône / Légende Angleterre DC Sol Campbell 86
30%
Héro Italie MC Claudio Marchisio 87
28%
Icône / Légende Angleterre G David Seaman Plus disponible
28%
Héro Uruguay BU Diego Forlan 88
28%
Icône / Légende France BU Eric Cantona 89
28%
Icône / Légende Angleterre DD Gary Neville Plus disponible
28%
Icône / Légende Argentine BU Hernan Crespo 86
28%
Icône / Légende Pays de Galles BU Ian Rush 87
28%
Icône / Légende Brésil AD Jairzinho 89
28%
Héro France BU Jean Pierre Papin 89
28%
Icône / Légende Ecosse BU Kenny Dalglish 89
28%
Héro Slovaquie MC Marek Hamsik 87
28%
Icône / Légende Colombie MOC Carlos Valderrama Plus disponible
26%
Héro Australie AG Harry Kewell 87
26%
Icône / Légende Argentine MC Juan Sebastian Veron 86
26%
Héro Allemagne DC Jurgen Kohler 89
26%
Icône / Légende Mexique BU Luis Hernandez 86
26%
Icône / Légende Pays Bas MG Marc Overmars Plus disponible
26%
Icône / Légende Brésil BU Romario Plus disponible
26%
Héro Allemagne BU Rudi Voller 89
26%
Icône / Légende Pays-bas BU Dennis Bergkamp 90
24%
Icône / Légende Espagne BU Emilio Butragueno 89
24%
Icône / Légende Pays-bas BU Patrick Kluivert 87
24%
Héro Italie BU Antonio Di Natale 88
22%
Icône / Légende Angleterre BU Ian Wright 87
22%
Héro Pays-bas DC Jaap Stam 87
22%
Héro Espagne BU Morientes 89
22%
Héro Angleterre BU Peter Crouch 85
22%
Héro France BU Sydney Govou 86
22%
Héro Bulgarie BU Dimitar Berbatov 87
20%
Héro Uruguay MOC Enzo Francescoli 88
20%
Icône / Légende Angleterre BU Gary Lineker 89
20%
Icône / Légende Italie MOC Gianfranco Zola 87
20%
Héro Colombie DC Ivan Cordoba 87
20%
Icône / Légende Angleterre AG John Barnes 87
20%
Héro France MD Ludovic Giuly 86
20%
Icône / Légende + Héro Norvège BU Ole Gunnar Solskjaer 86
20%
Héro Brésil MDC Ramires 86
20%
Héro Arabie Saoudite AD Saedd Al Owairan 85
20%
Héro Arabie Saoudite BU Sami Al Jaber 86
20%
Héro Etats-Unis MOC Clint Dempsey 85
17%
Héro Brésil MG Ze Roberto 87
17%
Héro Argentine BU Carlos Tevez 88
15%
Héro Allemagne BU Mario Gomez 88
15%
Icône / Légende Portugal BU Pauleta Plus disponible
15%
Icône / Légende + Héro Portugal AG Paulo Futre 88
15%
Héro Argentine BU Diego Milito 88
13%
Icône / Légende + Héro Suède MOC Freddie Ljungberg 86
13%
Héro Espagne MC Guti 86
13%
Héro Angleterre MD Steve McManaman 87
13%
Icône / Légende Suède BU Zlatan Ibrahimovic 91
13%
Icône / Légende Etats-Unis DC Alexi Lalas Plus disponible
11%
Héro Pays-bas MOC Dirk Kuyt 86
11%
Icône / Légende Brésil MDC Dunga 87
11%
Héro Italie BU Gianluca Vialli 89
11%
Icône / Légende + Héro Angleterre DC Jamie Carragher 86
11%
Héro Angleterre DC Ledley King 86
11%
Héro Suède BU Tomas Brolin 87
11%
Icône / Légende Portugal G Vitor Baia Plus disponible
11%
Héro Pologne BU Wlodzimierz Smolarek 86
11%
Héro Brésil MDC Gilberto Silva 87
9%
Héro Nigéria BU Nwankwo Kanu 86
9%
Icône / Légende Allemagne BU Oliver Bierhoff 86
9%
Icône / Légende Allemagne MC Toni Kroos 90
9%
Héro Russie MOC Aleksandr Mostovoi Plus disponible
7%
Icône / Légende Italie BU Francesco Totti 89
7%
Icône / Légende Italie DC Giorgio Chiellini 88
7%
Icône / Légende Allemagne DG Andreas Brehme Plus disponible
4%
Icône / Légende Corée du Sud BU Cha Bum-Kun 86
4%
Héro Italie MDC Daniele De Rossi 87
4%
Héro Arabie Saoudite MOC Mohammed Noor 85
4%
Héro Espagne MC Cesc Fabregas 88
2%
Héro Etats-Unis MG DaMarcus Beasley 86
2%
Icône / Légende Angleterre BU Geoff Hurst 88
2%
Héro Chili BU Ivan Zamorano 88
2%
Héro Allemagne MOC Lars Ricken Plus disponible
2%
Héro Argentine MOC Pablo Aimar 87
2%
Icône / Légende Angleterre BU Robbie Fowler Plus disponible
2%
Héro Cote d'ivoire BU Seydou Doumbia 85
2%
Icône / Légende Allemagne MOC Stefan Effenberg Plus disponible
2%
Icône / Légende Angleterre BU Teddy Sheringham Plus disponible
2%
Héro République Tchèque MOC Tomáš Rosický 86
2%
Héro Angleterre DD Micah Richards 85
0%
Héro Espagne DD Michel Salgado 87
0%
Héro Autriche BU Pizarro Bosio 86
0%
Héro Portugal AD Ricardo Quaresma 85
0%
Héro Pays-bas BU Roy Makaay 87
0%
Héro Allemagne MD Ulrich Hoeness 86
0%
Héro Colombie AD Victor Ibarbo 85
0%
Aucun quiz correspondant
Distribution des résultats
% des personnes avec chaque résultat
Percentile par nombre de réponses
Votre historique - résultats
Vous n’avez pas pris ce quiz depuis la dernière actualisation